| 000 | 00700nam a22002057a 4500 | ||
|---|---|---|---|
| 005 | 20251108165313.0 | ||
| 008 | 250721s2008 xx 000 0 ara d | ||
| 082 | 1 | 4 | _aم/155.4/ربا |
| 100 | 1 |
_aالرباعي، زكي مهدي محمد _eمؤلف |
|
| 245 | 1 | 0 | _aدليل الآباء لتنمية مهارات الأبناء 1840 طريقة للنجاح و إدارة الحياة / |
| 264 | 1 |
_aبيروت : _bابن جزم، _c2008. |
|
| 300 | _a3ج. | ||
| 490 | 0 | _a.تنمية مهارات الأبناء | |
| 650 | 1 | 7 | _aسيكولوجيه النمو |
| 650 | 1 | 7 | _aالابناا |
| 650 | 1 | 7 | _aرعايه الطفوله |
| 650 | 1 | 7 | _aالآباا |
| 942 |
_2ddc _cREF |
||
| 999 |
_c24582 _d24582 |
||